MLB Year in Review 2000 - Statistics

General Stats
  • This quiz has been taken 8 times
  • The average score is 11 of 25
Answer Stats
Hint Team/Player % Correct
World Series Winner New York Yankees
100%
AL Cy Young (BOS) Pedro Martinez
75%
WAR Leader (11.7 BOS) Pedro Martinez
75%
ERA Leader (1.74 BOS) Pedro Martinez
75%
NL Cy Young (ARI) Randy Johnson
75%
Strike Outs Leader (347) Randy Johnson
75%
Best Record (97-65) San Francisco Giants
75%
NL MVP (SFG) Jeff Kent
63%
World Series Loser New York Mets
63%
Worst Record (65-97) Philadelphia Phillies | Chicago Cubs
63%
ALCS Loser Seattle Mariners
63%
NLCS Loser St. Louis Cardinals
63%
AL MVP (OAK) Jason Giambi
50%
Doubles Leader (59 COL) Todd Helton
50%
RBI Leader (147) Todd Helton
50%
Batting Champion (.372) Todd Helton | Nomar Garciapara
50%
Home Run Leader (50) Sammy Sosa
38%
Hits Leader (240 ANA) Darin Erstad
13%
Name 1 HOF Inductee (5) Sparky Anderson | Carlton Fisk | Bid McPhee | Tony Perez | Turkey Stearnes
13%
Wins Leader (21) Tom Glavine
13%
Saves Leader (45) Antonio Alfonseca
0%
Triples Leader (20 MIN) Cristian Guzmán
0%
AL Rookie of the Year (SEA) Kazuhiro Sasaki
0%
Stolen Base Leader (62) Luis Castillo
0%
NL Rookie of the Year (ATL) Rafael Furcal
0%
No matching quizzes found
Score Distribution
Percent of People with Each Score
Percentile by Number Answered
Your Score History
You have not taken this quiz